We be people: The Constitution of the United States of America with explanatory notes
Enregistré dans:
| Format: | Livre |
|---|---|
| Langue: | Undetermined |
| Publié: |
New York
United States Information Agency
1999
|
| Sujets: | |
| Tags: |
Ajouter un tag
Pas de tags, Soyez le premier à ajouter un tag!
|
| Thư viện lưu trữ: | Trung tâm Học liệu Trường Đại học Cần Thơ |
|---|
| LEADER | 00535nam a2200181Ia 4500 | ||
|---|---|---|---|
| 001 | CTU_43763 | ||
| 008 | 210402s9999 xx 000 0 und d | ||
| 082 | |a 342.73 | ||
| 082 | |b W361 | ||
| 245 | 0 | |a We be people: | |
| 245 | 4 | |b The Constitution of the United States of America with explanatory notes | |
| 260 | |a New York | ||
| 260 | |b United States Information Agency | ||
| 260 | |c 1999 | ||
| 650 | |a United states | ||
| 650 | |x Constitutional law | ||
| 904 | |i Minh, 011009 | ||
| 980 | |a Trung tâm Học liệu Trường Đại học Cần Thơ | ||